000 00396nam a2200133Ia 4500
008 230917s9999||||xx |||||||||||||| ||und||
040 _e129832
_aMAIN
041 _aEnglish
082 _a954.025 G959M
245 0 _aMadhyakaleen Bharat ka itihas: Delhi Sultanat ke Tugluq, Saiyad evam Lodhi Sultan aur unka samaya
260 _aNew Delhi
_bAtlantic Publishers
300 _a128 p.
942 _cBK
999 _c100940
_d100940